[Event "1st Gujarat GM Open 2018"]
[Site "Ahmedabad"]
[Date "2018.10.09"]
[Round "6"]
[White "Swayams, Mishra"]
[Black "Nikhil Magizhnan"]
[Result "1-0"]
[WhiteElo "2463"]
[BlackElo "2056"]
[Annotator "TA"]
[PlyCount "121"]
[EventDate "2018.10.05"]
[EventType "swiss"]
[EventCountry "IND"]
[SourceTitle "playchess.com"]
[Source "ChessBase"]
[SourceQuality "1"]

{[%evp 9,120,14,13,14,30,36,51,46,36,24,70,13,8,5,21,14,21,0,0,0,-4,-6,-12,-48,-55,-54,0,0,0,-83,-82,-90,-13,-17,28,20,22,27,52,52,49,43,60,49,57,14,33,30,81,82,126,131,131,129,129,126,128,103,101,103,104,96,104,103,104,96,135,135,134,88,132,125,119,113,341,330,5893,6207,29971,29970,29972,29972,29980,29981,29984,29985,29985,29986,29986,29987,29987,29988,29990,29990,29990,29989,29990,29991,29992,29993,29993,29994,29994,29995,29995,29996,29996,29997,29997,29997,29998,29999,29999]} 1. c4 Nf6 2. Nc3 e5 3. g3 Be7 4. Bg2 c6 5. d4 exd4 6. Qxd4 {A23: English Opening: 1...e5 2 Nc3 Nf6 3 g3 c6} Na6 7. Nf3 d5 8. cxd5 {White is slightly better.} Nb4 {And now ...Nc2+ would win.} 9. O-O {dxc6 is the strong threat.} Nc2 10. Qa4 (10. Qe5 $14) 10... Nxa1 $11 11. dxc6 O-O 12. Ne5 bxc6 13. Nxc6 $146 ({Predecessor:} 13. Be3) 13... Bd7 {Threatens to win with ...Bxc6.} 14. Bf4 Bxc6 15. Bxc6 Rc8 $1 16. Bb7 {[#]} Rb8 $1 {[%cal Rb8b7]} 17. Qxa7 (17. Bxb8 Qxb8) 17... Nc2 (17... Bd6 $15 18. Rd1 Qd7 19. Bxd6 Rxb7) 18. Rd1 Qe8 {Hoping for ...Rd8.} 19. Bxb8 (19. Rd2 $11) 19... Qxb8 $17 20. Qb6 {[#]} Rd8 (20... Qe5 $1 $17 {aiming for ...Bc5.} 21. e3 Rb8) 21. Rxd8+ $11 Qxd8 (21... Bxd8 {feels hotter.} 22. Qa6 h5 23. e3 g6 24. Qb5 Kg7) 22. Qxd8+ Bxd8 23. Kf1 Nd4 24. e3 {[%mdl 1024] White has compensation.} Ne6 25. b4 Kf8 26. Ke2 Ke7 27. a4 Kd7 $1 28. a5 Kc7 (28... Be7 $11 {remains equal.}) 29. Bf3 Be7 30. Nb5+ Kd8 31. a6 Nd7 32. a7 Nb6 33. a8=Q+ Nxa8 34. Bxa8 Bxb4 $16 {[%mdl 4096] Endgame KBN-KBN} 35. Bd5 Ke7 36. Bxe6 Kxe6 {KB-KN} 37. Nd4+ Kd7 38. f4 Bd6 39. Kf3 Bf8 40. Ke4 Kd6 41. Nf3 Ke7 $2 {[#]} (41... g6 $16 {was called for.} 42. g4 f6) 42. Ng5 $1 $18 {[%cal Rg5h7]} h6 $2 (42... Ke8 43. Nxh7 Ba3) 43. Nh7 g6 44. Nxf8 {White mates.} Kxf8 {KP-KP} 45. f5 {[%cal Bf4f5,Bf5f6][%mdl 32]} g5 46. f6 Ke8 47. g4 Kd7 48. Kd5 Kc7 49. e4 Kd7 50. e5 Kd8 51. Kd6 Ke8 52. Kc7 Kf8 53. Kd7 Kg8 54. Ke7 h5 55. e6 hxg4 56. exf7+ {K3P-KPP} Kh7 57. f8=Q {[%csl Gf6][%cal Rf8g7]} Kg6 58. Ke6 g3 59. Qf7+ Kh6 60. Kf5 {[%csl Gf5][%cal Rf7g6]} g2 61. Qg6# {Precision: White = 69%, Black = 39%.} 1-0

[Event "1st Gujarat GM Open 2018"]
[Site "Ahmedabad"]
[Date "2018.10.09"]
[Round "6"]
[White "Kasparov, Sergey"]
[Black "Moksh Amit Doshi"]
[Result "1/2-1/2"]
[WhiteElo "2453"]
[BlackElo "2224"]
[Annotator "TA"]
[PlyCount "135"]
[EventDate "2018.10.05"]
[EventType "swiss"]
[EventCountry "IND"]
[SourceTitle "playchess.com"]
[Source "ChessBase"]
[SourceQuality "1"]

{[%evp 17,135,-9,-11,-18,-9,-18,-10,-21,-14,-18,-9,-18,0,0,2,0,32,30,32,13,38,11,5,-15,-22,-24,-28,-37,-25,-43,-36,-57,-46,-56,-51,-47,-49,-58,-57,-54,-55,-56,-54,-60,-22,-55,-58,-57,-56,-76,-65,-59,-39,-84,-84,-84,-84,-84,-84,-84,-72,-72,-72,-72,-72,-72,-79,-79,-72,-72,-72,-72,-72,-72,-72,-94,-101,-102,-78,-78,-78,-78,-78,-102,-102,-306,-302,-302,-175,-175,-175,-376,-286,-653,-625,-1404,-914,-29971,-29973,-29965,-208,-208,-208,-202,0,-60,-36,-36,-36,-36,-8,-8,-8,-8,-8,-8,-8,-8,-8,-8]} 1. Nf3 Nf6 2. c4 e6 3. b3 d5 4. e3 b6 5. Bb2 Bb7 6. cxd5 {A13: English Opening: 1...e6} (6. Nc3 Nbd7 7. d4 Bd6 8. Bd3 O-O 9. O-O a6 10. Rc1 Qe7 11. cxd5 exd5 12. Ne2 Ne4 13. Qc2 Rac8 14. Ng3 g6 15. Qe2 h5 16. Ne5 Nxe5 17. dxe5 Bxe5 18. Bxe5 Qxe5 19. Nxe4 dxe4 20. Bxa6 Bxa6 21. Qxa6 {½-½ (57) Harikrishna,P (2732)-Navara,D (2727) Prague 2018}) 6... exd5 7. Bb5+ c6 8. Be2 Bd6 9. O-O Nbd7 {LiveBook: 3 Games} 10. d4 $146 ({Predecessor:} 10. Nc3 O-O 11. Rc1 Qe7 12. Rc2 a6 13. Qa1 b5 {1-0 (36) Cruz,C (2576)-Vazquez,G (2436) Montevideo 2018}) 10... Qe7 11. Nbd2 O-O 12. Re1 Ne4 13. Nxe4 dxe4 14. Nd2 c5 15. Nc4 Bc7 16. d5 {aiming for d6.} Bd6 (16... Be5 $5) 17. Qc2 Rfe8 18. Red1 Nf6 19. Rd2 Rad8 20. Rad1 Nxd5 $1 21. Nxd6 Rxd6 22. a3 Red8 23. Bc4 Nf6 24. h3 Rxd2 25. Rxd2 Rxd2 26. Qxd2 Qd7 27. Qxd7 Nxd7 $15 {[%mdl 4096] Endgame KBB-KBN} 28. Bb5 Nf6 29. Be5 a6 30. Be2 Nd7 31. Bc7 b5 32. Bg4 Nf6 33. Bd6 Nxg4 34. hxg4 $17 {KB-KB} Bd5 35. b4 c4 36. Be5 f6 37. Bc3 Be6 38. f3 exf3 39. gxf3 f5 40. gxf5 Bxf5 41. e4 Bd7 42. Kf2 g5 43. Bd2 h6 44. f4 gxf4 45. Bxf4 Kg7 46. Ke3 Kg6 47. Bd6 Kg5 {...Kg4 is the strong threat.} 48. Bf4+ Kh5 $1 49. Kf3 Bg4+ 50. Ke3 Bd1 51. Kd2 $2 (51. Kd4 $17) 51... Bf3 $1 $19 52. Ke3 Bh1 (52... Bg2 $142 53. Kd4 Kg6) 53. Kd4 Kg6 $1 54. a4 $2 (54. Bd2) 54... h5 55. axb5 $2 (55. a5) 55... axb5 56. Kc5 Bxe4 57. Kxb5 Kf5 $1 58. Be3 Bd3 $2 (58... Bd5 $1 {mates} 59. Kc5 Ke4 60. Bd4 h4 61. Bf2 h3 62. b5 h2 63. Be1 h1=Q 64. Bd2 Qa1 65. b6 Qd4+ 66. Kb5 Qxd2 67. b7 Qb2+ 68. Kc5 Bxb7 69. Kd6 Qe5+ 70. Kd7 Kf5 71. Kd8 Kf6 72. Kd7 Qe7#) 59. Ka4 {[#]} Ke4 $1 {[%cal Re4e3]} 60. Bg5 {[#]} Kf5 $2 (60... c3 $1 $19 {[%cal Rc3c2]} 61. Kb3 c2) 61. Bd8 ({Better is} 61. Be3 $1 $11) 61... c3 62. Kb3 c2 63. Kb2 Kg4 {[#]} 64. b5 $1 {[%mdl 512] The position is equal.} h4 {[#]} (64... Bxb5 65. Kxc2) 65. Bxh4 $1 {[%mdl 512]} Kxh4 66. b6 {Hoping for b7.} Be4 {[#]} 67. b7 $1 {[%mdl 512]} Bxb7 {( -> ...Be4)} 68. Kxc2 {Precision: White = 51%, Black = 67%.} 1/2-1/2

[Event "1st Gujarat GM Open 2018"]
[Site "Ahmedabad"]
[Date "2018.10.09"]
[Round "6"]
[White "Neelotpal, Das"]
[Black "Nandhidhaa, P V"]
[Result "1-0"]
[WhiteElo "2436"]
[BlackElo "2212"]
[Annotator "TA"]
[PlyCount "83"]
[EventDate "2018.10.05"]
[EventType "swiss"]
[EventCountry "IND"]
[SourceTitle "playchess.com"]
[Source "ChessBase"]
[SourceQuality "1"]

{[%evp 24,83,55,50,39,40,84,101,101,98,101,84,97,97,106,120,114,63,56,56,62,61,92,95,81,61,120,107,107,107,107,106,100,100,108,102,105,96,104,89,146,145,165,154,196,197,205,189,229,225,267,282,288,273,468,262,325,310,452,416,746,753]} 1. e4 c5 2. Nf3 e6 3. d4 cxd4 4. Nxd4 Nc6 5. Nc3 Qc7 6. g3 a6 7. Bg2 Nf6 8. O-O Be7 9. Re1 d6 10. Nxc6 bxc6 11. e5 dxe5 12. Rxe5 O-O 13. Re1 Bb7 {B80: Sicilian Scheveningen: 6 g3 and 6 Be3, including English Attack} (13... Rd8 14. Qe2 Bb7 15. Bf4 Qb6 16. Na4 Qa5 17. b3 Nd5 18. Bd2 Bb4 19. Bxb4 Qxb4 20. Qe5 a5 21. c4 {1-0 (30) Blomqvist,E (2574)-Thorfinnsson,B (2453) chess.com INT 2017}) 14. Bf4 Qb6 15. Na4 Qa7 {White is better.} 16. Qf3 Nd5 17. Be5 $1 f6 $146 ({Predecessor:} 17... Rad8 18. Rad1 Ba8 19. c4 Nf6 20. c5 Nd7 21. Bd4 {1-0 (37) Heinz,A (2456)-Hecht,C (2094) Nuremberg 2012}) 18. Bc3 e5 19. Ba5 Bd8 20. Bxd8 (20. Bd2 $1 $16) 20... Raxd8 $14 21. Rad1 Bc8 22. Rd2 Qc7 23. Red1 Qa5 24. b3 Ne7 (24... h5 $14) 25. Qc3 Qxc3 26. Nxc3 Rxd2 27. Rxd2 Bf5 28. Na4 a5 29. c4 Kf7 30. Kf1 Rb8 31. Ke1 Ke8 {[#]} ({Better is} 31... h5) 32. Nc5 $1 $16 Rb6 33. Kd1 Bc8 {[#]} 34. Rd6 $1 Bf5 35. Kc1 h6 36. Kb2 e4 37. Ka3 ({Don't play} 37. Bxe4 $6 Bxe4 38. Nxe4 Nc8 $18) 37... Nc8 38. Rd4 ({But not} 38. Nxe4 Bxe4 39. Re6+ Ne7 $18) 38... Ke7 $2 (38... Rb8 39. Nxe4 Ke7) 39. Nxe4 (39. g4 $142) 39... Bxe4 40. Rxe4+ Kd6 (40... Kd8 $142 41. Rg4 Rb7 42. Bxc6 Re7) 41. Re8 Ne7 {[#]} (41... Kc7 $142 42. Rf8 Ne7) 42. c5+ $1 {[%mdl 512] Precision: White = 79%, Black = 39%.} 1-0

[Event "1st Gujarat GM Open 2018"]
[Site "Ahmedabad"]
[Date "2018.10.09"]
[Round "6"]
[White "Akash G"]
[Black "Deshmukh, Anup"]
[Result "1-0"]
[WhiteElo "2424"]
[BlackElo "2267"]
[Annotator "TA"]
[PlyCount "101"]
[EventDate "2018.10.05"]
[EventType "swiss"]
[EventCountry "IND"]
[SourceTitle "playchess.com"]
[Source "ChessBase"]
[SourceQuality "1"]

{[%evp 12,101,46,2,15,1,56,62,62,61,70,70,126,126,168,166,216,199,253,258,260,257,271,258,343,350,306,238,238,215,225,220,275,266,287,280,276,268,276,284,294,270,293,116,123,83,105,55,168,197,280,166,161,175,229,81,82,89,149,139,114,52,481,481,459,320,1221,-775,466,459,459,405,375,375,743,691,1292,1292,1292,1292,1292,1285,1225,1225,29977,29976,29978,29978,29977,29978,29981,29982]} 1. e4 c5 2. Nf3 {[%cal Bg1f3,Bf3d4,Bd4b3][%mdl 32]} d6 3. d4 cxd4 4. Nxd4 Nf6 5. Nc3 a6 6. h3 e5 7. Nb3 Be6 {B90: Sicilian Najdorf: Unusual White 6th moves, 6 Be3 Ng4 and 6 Be3 e5} 8. f4 exf4 (8... Nbd7 $11) 9. Bxf4 $14 Nc6 {White is slightly better.} 10. Qe2 Rc8 $146 ({Predecessor:} 10... Be7 11. O-O-O Qc7 12. g4 O-O 13. g5 Nd7 14. Nd5 Bxd5 15. exd5 {1-0 (36) Safarli,E (2667)-Papaioannou,I (2647) Rio Achaea 2018}) 11. O-O-O Bxb3 ({Black should play} 11... Be7 $14) 12. cxb3 $16 ({Much less strong is} 12. axb3 $6 Qa5 $14) 12... Qa5 13. Kb1 Be7 14. g4 $1 {[%cal Bg2g4,Bg4g5][%mdl 32]} (14. Bxd6 Bxd6 15. Rxd6 O-O $11) 14... O-O (14... h6 {was worth a try.} 15. Nd5 (15. Bxd6 Bxd6 16. Rxd6 Qe5 $14) 15... Nb4 16. Nxf6+ gxf6) 15. g5 $18 (15. Bxd6 Bxd6 16. Rxd6 Rfd8 $14) 15... Nd7 16. h4 (16. Bxd6 Bxd6 17. Rxd6 Rcd8 $14) 16... Nc5 17. Nd5 (17. Bxd6 Bxd6 18. Rxd6 Rcd8 $14) 17... Rfe8 18. Bh3 Rcd8 19. Rhg1 Nb4 20. a3 $1 {[%cal Ra3b4]} Nxd5 21. Rxd5 Qb6 {White must now prevent ...Nxe4.} 22. b4 $1 {[%cal Rb4c5]} Nxe4 23. Be3 $1 {[%cal Re3b6]} Qc6 24. Qd3 Bf8 25. Bg2 $1 ({Less strong is} 25. Bf5 Nc3+ 26. bxc3 Rxe3 $16) 25... f5 26. gxf6 ({Weaker is} 26. Rxf5 d5 $16) 26... Nxf6 27. Rf5 $2 (27. Bd4 $18 {has better winning chances. aiming for Bxf6.} Nxd5 28. Bxg7 $1 {[%mdl 512]} Re1+ 29. Rxe1) 27... d5 $16 28. Bd4 {[%mdl 1024] White has strong compensation.} Ne4 29. Bh3 {And now Rxf8+! would win.} g6 ({Better is} 29... Re7 $1 $14) 30. h5 $1 $18 {[%cal Rh5g6]} Qc4 {[#]} (30... Rd6 $142) 31. Qd1 $36 {[%mdl 2048] White is on the roll.} (31. Rxf8+ $142 $1 {[%mdl 512]} Kxf8 (31... Rxf8 32. Be6+) 32. Qe3) 31... Rd6 32. hxg6 hxg6 {[#]} (32... Rxg6 {keeps fighting.} 33. Rg2 Rxg2 34. Bxg2 Re6) 33. Re5 (33. Rh5 $1 $18) 33... Rxe5 34. Bxe5 Nf2 (34... Nd2+ $142 35. Qxd2 Qe4+ 36. Qc2 Qxe5) 35. Qf3 $16 Nxh3 {[#]} 36. Bxd6 (36. Rh1 $1 $16 Qe4+ 37. Qxe4 dxe4 38. Bxd6 Bxd6 39. Rxh3) 36... Qe4+ $2 {[%mdl 8192]} (36... Nxg1 $14 37. Qxf8+ Kh7) 37. Qxe4 $18 dxe4 {[%mdl 4096] Endgame KRB-KBN} 38. Rg3 {Hoping for Bxf8.} g5 $2 (38... e3) 39. Rxg5+ $4 {[%mdl 8192]} (39. Bxf8 $18 Kxf8 40. Rxh3) 39... Kf7 $4 {[%mdl 8192]} (39... Nxg5 $19 40. Bf4 Ne6) 40. Rg3 Bxd6 41. Rxh3 {KR-KB} Ke6 42. Rh7 b6 $2 (42... Be7 43. Kc2 b6) 43. Rb7 a5 44. Rxb6 axb4 45. a4 {[%cal Ba3a4,Ba4a5,Ba5a6,Ba6a7][%mdl 32]} Kd5 46. Kc2 Bc5 47. Rb7 Kc4 48. a5 {White mates.} e3 49. b3+ Kd4 50. a6 Ke4 51. a7 {Precision: White = 73%, Black = 27%.} 1-0

[Event "1st Gujarat GM Open 2018"]
[Site "Ahmedabad"]
[Date "2018.10.09"]
[Round "6"]
[White "Rahul Srivatshav P"]
[Black "Popov, Ivan"]
[Result "1/2-1/2"]
[WhiteElo "2395"]
[BlackElo "2611"]
[Annotator "TA"]
[PlyCount "42"]
[EventDate "2018.10.05"]
[EventType "swiss"]
[EventCountry "IND"]
[SourceTitle "playchess.com"]
[Source "ChessBase"]
[SourceQuality "1"]

{[%evp 20,42,20,20,50,37,58,39,65,84,66,46,47,0,0,0,0,0,0,-19,39,0,0,-7,32]} 1. d4 Nf6 2. c4 e6 3. Nc3 Bb4 4. g3 c5 5. Nf3 O-O 6. Bg2 cxd4 7. Nxd4 d5 8. cxd5 Nxd5 9. Qb3 Nc6 10. Nxc6 bxc6 11. O-O {[#] LiveBook: 115 Games. Nxd5 is the strong threat.} Qe7 {E20: Nimzo-Indian: 4 g3 and 4 f3} (11... Rb8 12. Qc2 Ba6 13. Rd1 Bxc3 14. bxc3 Qa5 15. Bb2 Bc4 16. Rd4 Qa6 17. e4 Nb6 18. a4 e5 19. Rd2 Qa5 20. Rd6 c5 21. Bh3 Nc8 22. Rd2 Nb6 23. Rd6 Nc8 24. Rd2 Nb6 25. Rd6 {½-½ (25) Vachier Lagrave,M (2789)-Aronian,L (2764) Stavanger 2018}) 12. Ne4 {[%cal Bc3e4,Be4c5,Bc5d3,Bd3e5][%mdl 32]} Rb8 13. Qc2 $146 ({Predecessor:} 13. a3 Bd6 14. Qc2 Be5 15. Rb1 f5 16. Nc5 Bd6 17. Nb3 c5 18. Na5 Bd7 19. Bd2 {1-0 (43) Flumbort,A (2469)-Tompa,J (2376) Hungary 2013}) 13... h6 {White is slightly better.} 14. a3 ({Much weaker is} 14. Qxc6 $6 f5 $15) 14... Ba5 15. Nc5 (15. b4 $5 {[%cal Rb4a5]} Bc7 16. Nc5 $14 (16. Qxc6 Be5 $15)) 15... Bb6 16. Nd3 Ba6 17. Rd1 Rfd8 $36 {[%mdl 2048] Black has some pressure.} 18. Ne5 Qf6 19. Ng4 Qe7 (19... Qf5 $11 20. Qxf5 exf5) 20. Ne5 Qf6 21. Ng4 Qe7 {Precision: White = 58%, Black = 38%.} 1/2-1/2

[Event "1st Gujarat GM Open 2018"]
[Site "Ahmedabad"]
[Date "2018.10.09"]
[Round "6"]
[White "Rakesh Kumar Jena"]
[Black "Bernadskiy, Vitaliy"]
[Result "0-1"]
[WhiteElo "2388"]
[BlackElo "2547"]
[Annotator "TA"]
[PlyCount "94"]
[EventDate "2018.10.05"]
[EventType "swiss"]
[EventCountry "IND"]
[SourceTitle "playchess.com"]
[Source "ChessBase"]
[SourceQuality "1"]

{[%evp 19,94,-2,-2,-41,-41,-32,-38,-27,-10,-31,-30,-19,54,28,54,0,0,0,0,0,0,-33,-38,-33,-42,-62,-57,-54,-52,-66,-61,-72,-72,-77,-75,-123,-101,-104,-103,-106,-102,-208,-208,-208,-208,-211,-213,-214,-176,-214,-214,-217,-224,-194,-191,-258,-265,-277,-284,-264,-275,-292,-287,-740,-730,-701,-696,-751,-691,-691,-671,-625,-628,-1673,-1673,-1277,-1070]} 1. d4 Nf6 2. Nf3 g6 3. Bg5 Bg7 4. Nbd2 O-O 5. c3 d6 6. e4 c5 7. dxc5 dxc5 8. Bc4 Nc6 9. O-O Qc7 10. Qe2 Na5 11. e5 {A48: 1 d4 Nf6 2 Nf3 g6: Torre, London and Colle Systems} Nxc4 12. Nxc4 Nd5 13. Qe4 {[#] Black is slightly better.} b5 $146 ({Predecessor:} 13... Be6 14. Rfe1 Rad8 15. Qh4 Rfe8 16. Rad1 f6 17. Bh6 Bh8 18. h3 b5 {½-½ (45) Carlsen,M (2872)-Gelfand,B (2777) Zuerich 2014}) 14. Nd6 exd6 15. Qxd5 Bb7 (15... dxe5 $11 16. Qxa8 Bb7 17. Qxa7 Ra8 18. Qxa8+ Bxa8) 16. Qxd6 Qc8 17. Bh4 (17. Nh4 $14) 17... Bxf3 $11 18. gxf3 Qh3 19. Bg3 h5 20. Qe7 Rae8 21. Qg5 Kh7 22. Qh4 Qxh4 23. Bxh4 Rxe5 24. Rfe1 Rf5 25. Kg2 b4 26. Be7 Rb8 27. cxb4 Rxb4 28. Rac1 Rxb2 {[#] Hoping for ...Bd4.} 29. Bxc5 Rxa2 30. Re7 (30. Rc4 $17) 30... Bf8 $19 31. Rc7 Rg5+ 32. Kf1 Bxc5 33. R1xc5 {[%mdl 4096] Endgame KRR-KRR} Ra1+ 34. Ke2 Rxc5 35. Rxc5 {KR-KR} Kg7 36. f4 Ra3 37. Rc6 (37. h4 $142) 37... h4 {[%cal Bh5h4,Bh4h3][%mdl 32]} 38. Rd6 h3 39. Rc6 a5 {[%cal Ba7a5,Ba5a4,Ba4a3,Ba3a2][%mdl 32]} 40. Ra6 a4 41. Kf1 $2 {[#]} (41. Rc6) 41... Ra2 {Black is clearly winning.} 42. Ke1 a3 43. Kf1 f6 {[%cal Bf7f6,Bf6g5][%mdl 32]} 44. Ke1 Ra1+ 45. Ke2 a2 46. Kf3 g5 47. fxg5 fxg5 {Precision: White = 28%, Black = 86%.} 0-1

[Event "1st Gujarat GM Open 2018"]
[Site "Ahmedabad"]
[Date "2018.10.09"]
[Round "6"]
[White "Sai Agni Jeevitesh, J."]
[Black "Surendran N"]
[Result "0-1"]
[WhiteElo "2362"]
[BlackElo "2210"]
[Annotator "TA"]
[PlyCount "106"]
[EventDate "2018.10.05"]
[EventType "swiss"]
[EventCountry "IND"]
[SourceTitle "playchess.com"]
[Source "ChessBase"]
[SourceQuality "1"]

{[%evp 26,106,47,66,78,82,101,115,101,112,85,51,48,42,43,42,139,98,109,95,135,105,137,145,152,107,149,79,146,77,72,76,122,115,118,118,122,122,127,153,156,0,0,0,0,0,0,0,0,0,0,0,0,0,0,0,0,0,0,0,0,-247,-247,-247,-226,-175,-201,-1033,-1003,-996,-849,-1050,-1662,-1678,-1207,-1441,-1671,-4614,-1530,-853,29993,0,0]} 1. d4 Nf6 2. Nf3 e6 3. g3 d5 4. Bg2 Be7 5. O-O O-O 6. c4 dxc4 7. Ne5 Nc6 8. Nxc6 bxc6 9. Na3 Bxa3 10. bxa3 Rb8 {E05: Open Catalan: 5 Nf3 Be7} (10... Ba6 11. Qd2 Rb8 12. Qa5 Qc8 13. a4 Rd8 14. Rd1 c3 15. Qxc3 Bxe2 16. Re1 Qa6 17. Bg5 Qc4 18. Rac1 Qxc3 19. Rxc3 Rb2 20. Rxc6 h6 21. Bxf6 gxf6 22. Rxc7 a6 23. d5 exd5 24. Bf1 Bxf1 {½-½ (24) Van Wely,L (2667)-Kryvoruchko,Y (2705) Brest 2018}) 11. Qa4 Rb6 12. Qxc4 Ba6 13. Qc2 Qxd4 14. Be3 {LiveBook: 4 Games} Qb2 15. Rfc1 Qxc2 16. Rxc2 Rbb8 17. Bxc6 $146 ({Predecessor:} 17. Bxa7 Ra8 18. Bc5 {1-0 (29) Donchenko,A (2317)-Kornitzky,T (2018) Heusenstamm 2016}) 17... Bb7 18. Rb1 (18. Ba4 {feels hotter.} Nd5 19. Bd4 Rfd8 20. Bb3 a5 21. e3) 18... Bxc6 19. Rxb8 Rxb8 20. Rxc6 $14 {[%mdl 4096] Endgame KRB-KRN} Ra8 (20... Rb7 $14) 21. Bd4 Ne8 22. a4 a6 23. e3 Kf8 24. Bc5+ $1 Kg8 25. f3 e5 26. e4 (26. a5 $142) 26... f6 ({Better is} 26... a5) 27. Kf2 (27. a5 $142 $1) 27... a5 $16 28. Ke3 Rb8 29. Ra6 Nd6 30. Bxd6 cxd6 31. Rxa5 {KR-KR} Rb2 32. Ra8+ Kf7 33. a5 $2 (33. h4 $1 $16) 33... Rxh2 $11 34. a6 Rxa2 35. Kd3 Ra3+ 36. Kc4 {And now Kb4 would win.} Rxf3 37. Kb4 Rf1 38. Rc8 Rb1+ 39. Ka5 {Hoping for a7.} Ra1+ 40. Kb6 Rb1+ 41. Kc7 {aiming for a7.} Ra1 42. Kb7 Rb1+ 43. Ka8 $2 {[#]} (43. Kc7 $11 {and White stays safe.} Ra1 44. Kb7 Rb1+ 45. Kc6 Rc1+ 46. Kb7 Rb1+) 43... f5 $1 $19 {[%cal Rf5e4]} 44. exf5 {Strongly threatening Rb8.} e4 {[%cal Be5e4,Be4e3][%mdl 32]} 45. a7 {Rb8 is the strong threat.} e3 46. Rb8 $2 (46. Rc2) 46... Ra1 {( -> ...e2)} 47. Rb2 {[#]} d5 $1 {[%cal Bd6d5,Bd5d4][%mdl 32]} 48. Kb7 d4 49. Re2 Kf6 50. g4 Kg5 51. Re1 Ra4 (51... Rxe1 $142 52. a8=Q Rb1+ 53. Kc6 e2 54. Qd8+ Kxg4 55. Qxd4+ Kh5 56. Qxg7 Rc1+ 57. Kd5 Rd1+ 58. Kc4 e1=Q 59. Qxh7+ Kg5 60. Qg7+ Kf4 61. Qh6+ Kxf5 62. Qf8+ Kg4 63. Qg8+ Kf3 64. Qf8+ Kg2 65. Qa8+ Kg1 66. Qg8+ Kf1 67. Qf8+ Qf2 68. Qh8 Qe2+ 69. Kb4 Qe4+ 70. Kb3 Rd3+ 71. Qc3 Ke2 72. Kc2 Rxc3+ 73. Kxc3 Qa4 74. Kb2 Kd3 75. Kb1 Kc3 76. Kc1 Qc2#) 52. a8=Q Ra5 $4 {[%mdl 8192]} (52... Rxa8 $19 53. Kxa8 Kxg4) 53. Qa6 $2 (53. Qxa5 {mates} h6 {[#]} 54. f6+ $1 {[%mdl 512]} Kg6 55. Qd5 e2 56. Rxe2 d3 57. Qf5+ Kf7 58. Qd7+ Kxf6 59. Qf5#) 53... Rxa6 {[%mdl 32768] Precision: White = 36%, Black = 56%. . Loss on Time!?} 0-1

[Event "1st Gujarat GM Open 2018"]
[Site "Ahmedabad"]
[Date "2018.10.09"]
[Round "6"]
[White "Siva Mahadevan"]
[Black "Sivuk, Vitaly"]
[Result "0-1"]
[WhiteElo "2341"]
[BlackElo "2545"]
[Annotator "TA"]
[PlyCount "80"]
[EventDate "2018.10.05"]
[EventType "swiss"]
[EventCountry "IND"]
[SourceTitle "playchess.com"]
[Source "ChessBase"]
[SourceQuality "1"]

{[%evp 11,80,19,31,9,37,34,44,20,35,33,43,37,33,26,41,-5,-8,-12,0,4,0,-22,-43,-45,-41,-130,-142,-136,-127,-197,-126,-176,-175,-283,-279,-278,-268,-341,-345,-331,-342,-325,-331,-363,-362,-362,-355,-381,-375,-404,-368,-394,-391,-386,-381,-458,-459,-475,-480,-503,-479,-469,-449,-543,-542,-560,-560,-651,-651,-641,-637]} 1. e4 c5 2. Nf3 d6 3. d4 cxd4 4. Nxd4 Nf6 5. Nc3 a6 6. Bg5 Nbd7 7. Qe2 {B94: Sicilian Najdorf: 6 Bg5 Nbd7} h6 8. Bh4 b5 (8... g6 9. f4 Qc7 10. O-O-O Bg7 11. g4 e5 12. fxe5 Nxe5 13. h3 Be6 14. Qf2 Nfd7 {½-½ (26) Carlsen,M (2842)-Svidler,P (2753) Biel 2018}) 9. f4 {White is slightly better.} g5 10. fxg5 hxg5 11. Bxg5 Bb7 12. O-O-O e6 $1 13. g3 {[#]} b4 $146 ({Predecessor:} 13... Rg8 14. h4 b4 {0-1 (48) Valenzuela Gomez,F (2389)-Ortiz Suarez,I (2548) Barbera del Valles 2018}) 14. Nd5 $1 {[%cal Rd5f6]} exd5 15. exd5+ Ne5 16. Bg2 Bh6 $1 {[%cal Rh6g5]} 17. Bf4 Kf8 $1 {Hoping for ...Bxf4+.} (17... Nxd5 18. Bxh6 Rxh6 19. Nb3 $14) (17... Bxd5 $2 18. Nf5 $18) 18. Nc6 ({White should try} 18. Bxh6+ $15 Rxh6 19. Kb1) 18... Qb6 $1 $17 19. Qd2 {[#]} Nfg4 $1 20. Rde1 (20. Bxh6+ $17 Rxh6 21. Nxe5 dxe5 22. Rde1) 20... Bxf4 ({Black should play} 20... Bxc6 $19 21. Bxh6+ Rxh6 22. dxc6 Nc4) 21. gxf4 Nc4 (21... Bxc6 22. fxe5 Ba4 23. b3 $15) 22. Qe2 {[#]} (22. Qxb4 $142 Qxb4 23. Nxb4) 22... Qe3+ $1 $19 23. Qxe3 Ngxe3 24. Rhg1 Nxg2 ({Don't play} 24... Rxh2 25. Be4 $19) 25. Rxg2 Bxc6 26. dxc6 Rc8 27. Re4 d5 ({Less strong is} 27... Rxc6 28. Rge2 $19) 28. Rd4 a5 ({Weaker is} 28... Rxc6 29. b3 $19) 29. b3 Nb6 30. Kb2 Rxc6 31. a3 bxa3+ 32. Kxa3 Rh3 33. f5 Ke7 {Black is clearly winning.} 34. Kb2 Rch6 35. Rg8 Rh8 36. Rxh8 Rxh8 37. h4 Kf6 38. c4 Ke5 39. Kc3 dxc4 40. bxc4 Rc8 {Precision: White = 31%, Black = 84%.} 0-1